| 000 | 00616nam a2200181Ia 4500 | ||
|---|---|---|---|
| 008 | 090123s9999 xx 000 0 und d | ||
| 082 |
_b838 _a891.463/कानिट |
||
| 100 | _aकानिटकर माधव | ||
| 245 | _aजवळपणाचे झाले बंधन | ||
| 250 | _a1 | ||
| 260 | _bबेहेरे पु.वि. | ||
| 300 | _a112 | ||
| 600 | _aकानिटकर माधव | ||
| 630 | _aजवळपणाचे झाले बंधन | ||
| 700 | _aकानिटकर माधव | ||
| 730 | _aजवळपणाचे झाले बंधन | ||
| 942 | _cBOOK | ||
| 999 |
_c38925 _d38925 |
||